LEADER 02398nam 2200637Ia 450 001 9910789628503321 005 20230721013913.0 010 $a1-299-05264-9 010 $a1-60344-492-0 035 $a(CKB)2670000000078842 035 $a(EBL)3037872 035 $a(SSID)ssj0000531074 035 $a(PQKBManifestationID)12214286 035 $a(PQKBTitleCode)TC0000531074 035 $a(PQKBWorkID)10569343 035 $a(PQKB)11723252 035 $a(OCoLC)708568332 035 $a(MiAaPQ)EBC3037872 035 $a(OCoLC)1132667678 035 $a(MdBmJHUP)muse77155 035 $a(Au-PeEL)EBL3037872 035 $a(CaPaEBR)ebr10447187 035 $a(CaONFJC)MIL436514 035 $a(EXLCZ)992670000000078842 100 $a20060911d2007 ub 0 101 0 $aeng 135 $aur|n|---||||| 181 $ctxt 182 $cc 183 $acr 200 10$aEthics & analysis$b[electronic resource] $ephilosophical perspectives and their application in therapy /$fLuigi Zoja ; foreword by David H. Rosen 205 $a1st ed. 210 $aCollege Station $cTexas A&M University Press$dc2007 215 $a1 online resource (148 p.) 225 1 $aCarolyn and Ernest Fay series in analytical psychology ;$vno. 13 300 $aDescription based upon print version of record. 311 $a1-58544-578-9 320 $aIncludes bibliographical references (p. [115]-117) and index. 327 $aPart I: Ethics : ethics as the elaboration of complexity -- Justice -- Beauty -- Palace and square -- Can evil be avoided if ugliness is compulsory? -- Has beauty been shrinking throughout history? -- Ethics again -- The gray zone -- Narration -- Growing unethical? -- The ethics of analysis -- Part II: Analysis : ethical perspectives on psychotherapy -- Processing -- Sabine S. and Anna O. -- A new ethical frontier -- Final remarks. 410 0$aCarolyn and Ernest Fay series in analytical psychology ;$vno. 13. 517 3 $aEthics and analysis 606 $aEthics 606 $aPsychoanalysis 606 $aPsychotherapy 615 0$aEthics. 615 0$aPsychoanalysis. 615 0$aPsychotherapy. 676 $a174/.9150195 700 $aZoja$b Luigi$0320711 801 0$bMiAaPQ 801 1$bMiAaPQ 801 2$bMiAaPQ 906 $aBOOK 912 $a9910789628503321 996 $aEthics & analysis$93808919 997 $aUNINA LEADER 02061nas 2200589- 450 001 9910134129403321 005 20230123213018.0 011 $a2102-5169 035 $a(OCoLC)1037354708 035 $a(CKB)111006469456918 035 $a(CONSER)--2018243193 035 $a(EXLCZ)99111006469456918 100 $a20180525a20159999 o-- - 101 0 $afre 135 $aur||||||||||| 181 $ctxt$2rdacontent 182 $cc$2rdamedia 183 $acr$2rdacarrier 200 00$aJournal international de bioéthique et d'éthique des sciences 210 1$a[Paris] :$cÉditions ESKA,$d[2015]- 215 $a1 online resource 300 $aRefereed/Peer-reviewed 300 $aEach issue has also a distinctive title. 311 $a2555-5111 517 1 $aInternational journal of bioethics and ethics of science 531 10$aInt Bioethique Ethique Sci 606 $aMedical laws and legislation$vPeriodicals 606 $aMedical genetics$vPeriodicals$xLaw and legislation 606 $aBioethics$vPeriodicals 606 $aHuman reproductive technology$vPeriodicals$xMoral and ethical aspects 606 $aBioethics 606 $aScience$xethics 606 $aBioethics$2fast$3(OCoLC)fst00832038 606 $aHuman reproductive technology$2fast$3(OCoLC)fst00963260 606 $aMedical genetics$2fast$3(OCoLC)fst01014133 606 $aMedical laws and legislation$2fast$3(OCoLC)fst01014309 608 $aPeriodical. 608 $aPeriodicals.$2fast 615 0$aMedical laws and legislation 615 0$aMedical genetics$xLaw and legislation. 615 0$aBioethics 615 0$aHuman reproductive technology$xMoral and ethical aspects. 615 2$aBioethics. 615 22$aScience$xethics. 615 7$aBioethics. 615 7$aHuman reproductive technology. 615 7$aMedical genetics. 615 7$aMedical laws and legislation. 906 $aJOURNAL 912 $a9910134129403321 996 $aJournal international de bioéthique et d'éthique des sciences$92101297 997 $aUNINA